Państwa po trzech sąsiadach #2 - Statystyki

Ogólne statystyki
  • Ten quiz został rozwiązany 36 razy
  • Średni wynik to 12 z 15
Statystyki odpowiedzi
Sąsiedzi Państwo % Poprawnych
PortugaliaAndora Francja Hiszpania
100%
ŁotwaRosja Ukraina Białoruś
90%
CzarnogóraChorwacja Serbia Bośnia i Hercegowina
90%
EgiptJordania Liban Izrael
90%
ChinyRosja Korea Południowa Korea Północna
90%
GwatemalaSalwador Nikaragua Honduras
87%
SudanDżibuti Somalia Etiopia
83%
TunezjaEgipt Czad Libia
83%
WenezuelaSurinam Brazylia Gujana
80%
Rosja Turcja Azerbejdżan Gruzja
77%
KolumbiaChile Brazylia Peru
77%
Iran Tadżykistan
Pakistan
Afganistan
73%
TajlandiaChiny Bangladesz Mjanma
70%
GambiaMali Mauretania Senegal
70%
Gwinea RównikowaNigeria Kongo Kamerun
60%
Nie znaleziono quizów pasujących do podanych kryteriów
Rozkład punktacji
Procent ludzi z każdym wynikiem
Percentyl według liczby udzielonych odpowiedzi
Twoja historia wyników
Nie rozwiązałeś tego quizu